Impact of agicultural extension led by farmer association makak commune ounsnol district, kandal province ការសាយភាយ និងការទទួលយកគំនិតថ្មីតាមរយៈសមាគមកសិករឃុំម្កាក់ ស្រុកអង្គស្នួល ខេត្តកណ្តាល (Record no. 669)

000 -LEADER
fixed length control field 00709nam a22001577a 4500
003 - CONTROL NUMBER IDENTIFIER
control field OSt
005 - DATE AND TIME OF LATEST TRANSACTION
control field 20150917154433.0
008 - FIXED-LENGTH DATA ELEMENTS--GENERAL INFORMATION
fixed length control field 150917b xxu||||| |||| 00| 0 eng d
040 ## - CATALOGING SOURCE
Transcribing agency RUA
082 ## - DEWEY DECIMAL CLASSIFICATION NUMBER
Classification number AGR LIM 2001 B026 Or.1
100 ## - MAIN ENTRY--PERSONAL NAME
9 (RLIN) 695
Personal name LIM, SOKUNDARUN.
245 ## - TITLE STATEMENT
Title Impact of agicultural extension led by farmer association makak commune ounsnol district, kandal province ការសាយភាយ និងការទទួលយកគំនិតថ្មីតាមរយៈសមាគមកសិករឃុំម្កាក់ ស្រុកអង្គស្នួល ខេត្តកណ្តាល
260 ## - PUBLICATION, DISTRIBUTION, ETC. (IMPRINT)
Place of publication, distribution, etc. Phnom Penh
Name of publisher, distributor, etc. RUA
Date of publication, distribution, etc. 2001
300 ## - PHYSICAL DESCRIPTION
Extent 49p.
Other physical details ill.
Dimensions 29cm.
942 ## - ADDED ENTRY ELEMENTS (KOHA)
Source of classification or shelving scheme
Koha item type AGR
Holdings
Price effective from Date last seen Permanent Location Not for loan Date acquired Source of classification or shelving scheme Koha item type Barcode Lost status Damaged status Withdrawn status Current Location Full call number
2015-09-172015-09-17Library Block B 2015-09-17 AGRRUA002653   Library Block BAGR LIM 2001 B026 Or.1
2015-09-172015-09-17Library Block B 2015-09-17 AGRRUA002068   Library Block BAGR LIM 2001 B026 Or.2
2015-09-172015-09-17Library Block B 2015-09-17 AGRRUA002060   Library Block BAGR LIM 2001 B026 Or.3
2015-09-172015-09-17Library Block B 2015-09-17 AGRRUA002512   Library Block BAGR LIM 2001 B026 Or.4
2015-09-172015-09-17Library Block B 2015-09-17 AGRRUA002918   Library Block BAGR LIM 2001 B026 Or.5
2015-09-172015-09-17Library Block B 2015-09-17 AGRRUA002579   Library Block BAGR LIM 2001 B026 Or.6
2015-09-172015-09-17Library Block B 2015-09-17 AGRRUA002071   Library Block BAGR LIM 2001 B026 Or.7
2015-09-172015-09-17Library Block B 2015-09-17 AGRRUA002212   Library Block BAGR LIM 2001 B026 Or.8
មជ្ឈមណ្ឌលឯការនៃសាកលវិទ្យាល័យភូមិន្ទកសិកម្មចំការដូង

Powered by Koha